| 000 | 00533nam a22001937a 4500 | ||
|---|---|---|---|
| 010 | _aA-372174 | ||
| 035 | _aA-372174 | ||
| 037 | _bCen Lib / Ret | ||
| 040 |
_aDPL _bEn |
||
| 082 |
_a334.1 _bJAI |
||
| 100 | _aJain, Sarla Devi | ||
| 245 |
_aNabhi's Handbook for house owners / _cby Sarla Devi Jain |
||
| 260 |
_aNew Delhi _bNabhi Publications _c1989 |
||
| 270 |
_aP.O. Box no. 37 _bNew Delhi _e110001 |
||
| 300 |
_a378p _c27cm(Hb) |
||
| 650 | _alaw | ||
| 650 | _aHousing law | ||
| 942 |
_2ddc _cEN _h334.1 _mJAI |
||
| 999 |
_c136892 _d136892 |
||